Football Teams Cristiano Ronaldo Played For - Statistics

General Stats
  • This quiz has been taken 59,067 times
    46,430 since last reset
  • The average score is 6 of 6
Answer Stats
Years Appearances Goals Team % Correct
2009–2018 292 311 Real Madrid
99%
2003–2009 / 2021–2022 236 103 Manchester United
97%
2003– (national team) 221 138 Portugal
97%
2018–2021 98 81 Juventus
94%
2002–2003 25 3 Sporting CP
88%
2023– 77 74 Al Nassr
80%
No matching quizzes found
Score Distribution
Percent of People with Each Score
Percentile by Number Answered
Your Score History
You have not taken this quiz since the last reset